00598nam a2200193Ia 4500003000900000008004100009040001300050040001300063041000800076100002500084245003200109260001800141300001100159300000800170490000600178942000700184999001700191952019600208IT-RoPAU120407s9999 xx 000 0 und d aIT-RoPAU cIT-RoPAU aita aMadame de La Fayette aLa principessa de Clèves. aRizzoli - Bur a390 p. c cm v1 cBK c33936d33936 00102ddc406808_15600000000000071aPAULUSbPAULUSd2012-04-11l0o808.156r2012-04-11 00:00:00w2012-04-11yBKzInserito da: Jole In data: 30 luglio 2011 fondo: Via A.Severo 56 Progr:21033